000 00463nam a2200181Ia 4500
001 10109
005 20260306161807.0
008 260306t2008||||xx |||||||||||||| ||spa||
041 _aESP
082 _aNL 891.9
_bW48
100 _aWesterman, Frank
_eAUT
245 0 _aArarat:
_btras el arca de Noé, un viaje entre el mito y la ciencia
260 _c2008
300 _a296 páginas :
_c22 cm.
650 _aGEN
654 _aCHU
942 _cLIB
_dJUS
_fJUS
_2ddc
_n
999 _c10109
_d10109